00534nam a2200169 a 450000100100000000500170001000800410002704000250006808200150009310000270010824500870013525000110022226000360023330000210026950000420029050400320033200002692420240412074009.0110328s1984 dr 000 0 spa d aDO-SdBNPbspacBNPHU axxxbM671g1 aMir, Pedro,d1913-200013aEl gran incendio :blos balbuceos americanos del capitalismo mundial /cPedro Mir. a3a ed. aSanto Domingo :bTaller,c1984. a161 p. ;c22 cm. aIncluye notas al pie de las páginas aBibliografía : p. 157-161